Cuando se descubre el amor / (Record no. 85283)

MARC details
000 -LEADER
campo de control de longitud fija 00748nam a2200229 i 4500
001 - NÚMERO DE CONTROL
campo de control 85283
003 - IDENTIFICADOR DE NÚMERO DE CONTROL
campo de control ES-MaACL
005 - FECHA Y HORA DE LA ÚLTIMA TRANSACCIÓN
campo de control 20230906175220.0
007 - CAMPO FIJO DE DESCRIPCIÓN FÍSICA--INFORMACIÓN GENERAL
campo de control de longitud fija t|
008 - DATOS DE LONGITUD FIJA--INFORMACIÓN GENERAL
campo de control de longitud fija 041126s1967 sp ||||1| spa d
100 1# - ENTRADA PRINCIPAL--NOMBRE DE PERSONA
Nombre de persona Jouvenroux.
9 (RLIN) 67044
245 10 - MENCIÓN DEL TÍTULO
Título Cuando se descubre el amor /
Mención de responsabilidad, etc. Jouvenroux ; [traducción de José Castaño ; versión española revisada por Manuel Baselga Monte].
250 ## - MENCION DE EDICION
Mención de edición [6ª ed.].
260 ## - PUBLICACIÓN, DISTRIBUCIÓN, ETC.
Lugar de publicación, distribución, etc. Barcelona :
Nombre del editor, distribuidor, etc. Nova Terra,
Fecha de publicación, distribución, etc. [1967]
300 ## - DESCRIPCIÓN FÍSICA
Extensión 203 p., 8 lám. ;
Dimensiones 16 cm.
490 1# - MENCIÓN DE SERIE
Mención de serie El grano de mostaza ;
Designación de volumen o secuencia 2
700 1# - ENTRADA AGREGADA--NOMBRE PERSONAL
Nombre de persona Castaño, José.
9 (RLIN) 36430
700 1# - ENTRADA AGREGADA--NOMBRE PERSONAL
Nombre de persona Baselga Monte, Manuel.
9 (RLIN) 26279
830 0# - PUNTO DE ACCESO ADICIONAL DE SERIE-TÍTULO UNIFORME
Título uniforme El grano de mostaza ;
Designación de volumen o secuencia 2
9 (RLIN) 183872
852 ## - LOCALIZACIÓN
Ubicación ES-MaACL
Número de control de estantería C-32542
Sublocalización o colección R.63040
Holdings
Estatus retirado Estado de pérdida Estado de daño No para préstamo Biblioteca de origen Biblioteca actual Ubicación en estantería Fecha de adquisición Fuente de adquisición Total de préstamos Signatura topográfica completa Código de barras Visto por última vez Precio de reemplazo Tipo de ítem Koha
        Biblioteca del Ateneo de Madrid Biblioteca del Ateneo de Madrid Depósito 2 17/01/2008     C-32542 1089122 23/02/2023 23/02/2023 Libro impreso